000 00680nam a2200217Ia 4500
003 OSt
005 20250630103051.0
008 210210b1968 xxu||||| |||| 00| 0 eng d
040 _cAL
041 _aKannada
082 _aK494.5 VENK
100 _aVENKATARAMANAYYA (T V)
_dವೆಂಕಟರಮಣಯ್ಯ (ಟಿ ವಿ)
_9216541
245 _aKannada padenudigala brahat kosha
_bಕನ್ನಡ ಪಡೆನುಡಿಗಳ ಬೃಹತ್ ಕೋಶ
250 _aRev
260 _aDharavada.
_bSamaja Pustakalaya.,
_c1968
300 _aix,494
650 _aKannada idioms Phrases
_9216542
690 _aKannada Dictionary
_9216543
906 _a044290
942 _2ddc
_cBK
999 _c93744
_d93744